Applied sport psychology : (Record no. 284516)
[ view plain ]
| 000 -LEADER | |
|---|---|
| fixed length control field | 00961cam a22003018i 4500 |
| 001 - CONTROL NUMBER | |
| control field | MEB008907 |
| 003 - CONTROL NUMBER IDENTIFIER | |
| control field | OCoLC |
| 005 - DATE AND TIME OF LATEST TRANSACTION | |
| control field | 20150529154620.0 |
| 008 - FIXED-LENGTH DATA ELEMENTS--GENERAL INFORMATION | |
| fixed length control field | 131108s2014 nyu 000 0 eng |
| 010 ## - LIBRARY OF CONGRESS CONTROL NUMBER | |
| LC control number | 2013041275 |
| 015 ## - NATIONAL BIBLIOGRAPHY NUMBER | |
| National bibliography number | GBB405363 |
| Source | bnb |
| 020 ## - INTERNATIONAL STANDARD BOOK NUMBER | |
| International Standard Book Number | 9789814577496 |
| 035 ## - SYSTEM CONTROL NUMBER | |
| System control number | (OCoLC)863632239 |
| 040 ## - CATALOGING SOURCE | |
| Original cataloging agency | DLC |
| Language of cataloging | eng |
| Description conventions | rda |
| Transcribing agency | DLC |
| Modifying agency | OCLCO |
| -- | UKMGB |
| -- | OCLCF |
| 042 ## - AUTHENTICATION CODE | |
| Authentication code | pcc |
| 050 00 - LIBRARY OF CONGRESS CALL NUMBER | |
| Classification number | GV 706.4 |
| Item number | .Ap652 2015 |
| 245 00 - TITLE STATEMENT | |
| Title | Applied sport psychology : |
| Remainder of title | personal growth to peak performance / |
| Statement of responsibility, etc | Jean M. Williams and Vikki Krane, editors. |
| 250 ## - EDITION STATEMENT | |
| Edition statement | 7th edition. |
| 260 ## - PUBLICATION, DISTRIBUTION, ETC. (IMPRINT) | |
| Place of publication, distribution, etc | New York : |
| Name of publisher, distributor, etc | McGraw-Hill, |
| Date of publication, distribution, etc | 2015. |
| 263 ## - PROJECTED PUBLICATION DATE | |
| Projected publication date | 1404. |
| 300 ## - PHYSICAL DESCRIPTION | |
| Extent | xxiv, 552 pages : |
| Other physical details | illustrations ; |
| Dimensions | 24 cm. |
| 500 ## - GENERAL NOTE | |
| General note | Includes bibliographical references and index. |
| 650 #0 - SUBJECT ADDED ENTRY--TOPICAL TERM | |
| Topical term or geographic name as entry element | Sports |
| General subdivision | Psychological aspects. |
| 650 #0 - SUBJECT ADDED ENTRY--TOPICAL TERM | |
| Topical term or geographic name as entry element | Coaching (Athletics) |
| 700 1# - ADDED ENTRY--PERSONAL NAME | |
| Personal name | Williams, Jean Marie, |
| Relator term | editor. |
| 700 1# - ADDED ENTRY--PERSONAL NAME | |
| Personal name | Krane, Vikki, |
| Relator term | editor. |
| 942 ## - ADDED ENTRY ELEMENTS (KOHA) | |
| Source of classification or shelving scheme | Library of Congress Classification |
| Koha item type | Books |
| Call number prefix | Foreign |
| Withdrawn status | Lost status | Source of classification or shelving scheme | Damaged status | Home library | Current library | Shelving location | Date acquired | Source of acquisition | Sub Shelving location | Total Checkouts | Total Renewals | Full call number | Barcode | Date last seen | Date checked out | Price effective from | Koha item type |
|---|---|---|---|---|---|---|---|---|---|---|---|---|---|---|---|---|---|
| Library of Congress Classification | College Library | College Library | Reserve Section | 05/29/2015 | Library Fund | 1 | 12 | GV 706.4 .Ap652 2015 | C19437 | 05/15/2018 | 07/08/2016 | 05/29/2015 | Books |